Σημειωτικό μάνατζμεντ οργανισμών που παρέχουν υπηρεσίες ολιστικών θεραπειών - ομοιοπαθητικής : μεταπτυχιακή διατριβή

Κύριος σκοπός αυτής της εργασίας είναι να συνδέσει την ομοιοπαθητική και τις ολιστικές θεραπείες με την σημειωτική, τη θεωρία της πολυπλοκότητας, τη θεωρία των δικτύων, τη θεωρία του σύγχρονου μάνατζμεντ και την ιατρική πληροφορική. Προϊόν της σύνθεσης των παραπάνω θεωριών είναι το σημειωτικό μάνατζ...

Πλήρης περιγραφή

Αποθηκεύτηκε σε:
Λεπτομέρειες βιβλιογραφικής εγγραφής
Κύριος συγγραφέας: Νούτσος, Γεώργιος Δ.
Συγγραφή απο Οργανισμό/Αρχή: Πανεπιστήμιο Αιγαίου. Τμήμα Μηχανικών Σχεδίασης Προϊόντων και Συστημάτων. Μεταπτυχιακό Πρόγραμμα Σπουδών στα Ολιστικά Εναλλακτικά Θεραπευτικά Συστήματα - Κλασική Ομοιοπαθητική
Άλλοι συγγραφείς: Σίμωση, Μαρία (Εισηγητής διατριβής)
Μορφή: Thesis Βιβλίο
Γλώσσα:Greek
Δημοσίευση: 2010
Θέματα:
Διαθέσιμο Online:http://hdl.handle.net/11610/12723
Ετικέτες: Προσθήκη ετικέτας
Δεν υπάρχουν, Καταχωρήστε ετικέτα πρώτοι!

MARC

LEADER 00000cam a2200000 i 4500
001 1/13124
008 110511s2010 gre d
035 |l 10110072 
040 |a GR-MY-UA  |b gre  |e aacr 
041 0 |a gre 
082 0 |a 610.68  |2 (22) 
100 1 |a Νούτσος, Γεώργιος Δ. 
245 1 0 |a Σημειωτικό μάνατζμεντ οργανισμών που παρέχουν υπηρεσίες ολιστικών θεραπειών - ομοιοπαθητικής :  |b μεταπτυχιακή διατριβή /  |c Γεωργίου Δ. Νούτσου ; επιβλέπουσα καθηγήτρια: Μαρία Σίμωση 
260 |c 2010 
300 |a 140 φύλλα;  |c 30 εκ. 
500 |a Διάθεση πλήρους κειμένου ελεύθερης πρόσβασης 
502 |a Διατριβή (μεταπτυχιακή) – Πανεπιστήμιο Αιγαίου, Σύρος, 2010. 
504 |a Βιβλιογραφία: σ. 137-140 
520 |a Κύριος σκοπός αυτής της εργασίας είναι να συνδέσει την ομοιοπαθητική και τις ολιστικές θεραπείες με την σημειωτική, τη θεωρία της πολυπλοκότητας, τη θεωρία των δικτύων, τη θεωρία του σύγχρονου μάνατζμεντ και την ιατρική πληροφορική. Προϊόν της σύνθεσης των παραπάνω θεωριών είναι το σημειωτικό μάνατζμεντ. Η κοινότητα των ομοιοπαθητικών θεραπευτών και ασθενών παρουσιάζεται εδώ ως ένας μη κερδοσκοπικός, εικονικός, κατανεμημένος και ευέλικτος οργανισμός, ο οποίος έχει να εκπληρώσει 4 αποστολές: την κλινική, την ερευνητική, την εκπαιδευτική και την κοινωνική αποστολή. Η βασική θέση της διατριβής είναι ότι η εφαρμογή του σημειωτικού μάνατζμεντ στη διοίκηση και διαχείριση του οργανισμού, ειδικά στη διαχείριση της πληροφορίας και της γνώσης, μπορεί να τον υποστηρίξει στην εκπλήρωση των αποστολών του. 
650 0 0 |a Homeopathy. 
650 0 0 |a Medical care  |x Management. 
650 0 0 |a Management information systems. 
650 0 0 |a Organizational effectiveness. 
650 0 0 |a Semiotics. 
650 0 0 |a Dissertations, Academic  |z Greece. 
700 0 |a Σίμωση, Μαρία.  |4 ths 
710 2 |a Πανεπιστήμιο Αιγαίου.   |b Τμήμα Μηχανικών Σχεδίασης Προϊόντων και Συστημάτων.   |b Μεταπτυχιακό Πρόγραμμα Σπουδών στα Ολιστικά Εναλλακτικά Θεραπευτικά Συστήματα - Κλασική Ομοιοπαθητική. 
852 |a INST  |b SYROS  |c DIATR  |e 20110511  |h 610.68 ΝΟΥ  |p 005500009161  |q 005500009161  |t MTXE  |y 23 
852 |a INST  |b SYROS  |c DIATR  |e 20110511  |h 610.68 ΝΟΥ  |p 005500009162  |q 005500009162  |t MTXE  |y 23 
856 |u http://hdl.handle.net/11610/12723 
901 |a BIBL5-2010-2 
909 |a Ε  |b 165573 
909 |a Ε  |b 165574 
924 |a ΝΟΥΤΣΟΣ  |b ΓΕΩΡΓΙΟΣ Δ.  |y ΣΥΡΟΣ  |z 2011-04 
970 |a ΚΟΝΤΟΥ  |b ΠΑΡΑΣΚΕΥΗ  |z 2011/05/11